000 00601nam a22001817a 4500
005 20251022111452.0
010 _aENG-144613
020 _c599.00
_a9789357315241
035 _aEN-128145
037 _bDBAD
082 _aS
_21
245 _a100 Greatest Stories for Young Children
250 _a1
260 _aGurugram
_bHachette Book Publishing India Pvt.Ltd
_c2022
270 _bGurugram
_aHachette Book Publishing India Pvt.Ltd 4th&5th Floors, Corporate Centre Plot No.94, Sector44, Gurugram India
_e122003
_mwww.hachetteindia.com
300 _a550p.
_c20cm (pb)
942 _2ddc
_cEN
_hS
_mGRE
_e1
999 _c213657
_d213657